Online
Catalog

Tráfico de niños haitianos hacia la República Dominicana = (Record no. 25089)

MARC details
000 -CABECERA
campo de control de longitud fija 01269nam a2200301 a 4500
001 - NÚMERO DE CONTROL
campo de control 000025597
005 - FECHA Y HORA DE LA ÚLTIMA TRANSACCIÓN
campo de control 20250722122138.0
008 - DATOS DE LONGITUD FIJA--INFORMACIÓN GENERAL
campo de control de longitud fija 110218s2002 dr r 000 0 spa d
040 ## - FUENTE DE LA CATALOGACIÓN
Centro catalogador/agencia de origen DO-SdBNP
Lengua de catalogación spa
Centro/agencia transcriptor BNPHU
041 17 - CÓDIGO DE LENGUA
Código de lengua del texto/banda sonora o título independiente spa
Código de lengua original fr
Fuente del código Código de idioma MARC
082 ## - NÚMERO DE LA CLASIFICACIÓN DECIMAL DEWEY
Número de clasificación 364.15
Número de documento/Ítem T266t
100 1# - ENTRADA PRINCIPAL--NOMBRE DE PERSONA
Nombre de persona Tejada, Darío
9 (RLIN) 18722
245 10 - MENCIÓN DE TÍTULO
Título Tráfico de niños haitianos hacia la República Dominicana =
Resto del título Trafic des enfants haitiens vers la Republique Dominicaine /
Mención de responsabilidad, etc. Darío Tejada, Céméphise Gilles, Juan Artola.
246 11 - FORMA VARIANTE DE TÍTULO
Título propio/Titulo breve Trafic des enfants haitiens vers la Republique Dominicaine.
260 ## - PUBLICACIÓN, DISTRIBUCIÓN, ETC.
Lugar de publicación, distribución, etc. Santo Domingo :
Nombre del editor, distribuidor, etc. UNICEF :
-- OIM,
Fecha de publicación, distribución, etc. 2002.
300 ## - DESCRIPCIÓN FÍSICA
Extensión 40, 40 p. :
Otras características físicas il. ;
Dimensiones 25 cm.
563 ## - NOTA DE ENCUADERNACIÓN
Nota de encuadernación Obra en idioma español y francés con encuadernación invertida en paginación independiente.
590 ## - NOTA LOCAL (RLIN)
Nota local Inventariado, 2018/BT
650 #4 - PUNTO DE ACCESO ADICIONAL DE MATERIA--TÉRMINO DE MATERIA
Término de materia o nombre geográfico como elemento de entrada Secuestro
9 (RLIN) 52285
650 #0 - PUNTO DE ACCESO ADICIONAL DE MATERIA--TÉRMINO DE MATERIA
Término de materia o nombre geográfico como elemento de entrada Niños desaparecidos
9 (RLIN) 52286
650 #4 - PUNTO DE ACCESO ADICIONAL DE MATERIA--TÉRMINO DE MATERIA
Término de materia o nombre geográfico como elemento de entrada Niños desaparecidos
Subdivisión geográfica Haití
9 (RLIN) 52287
650 #0 - PUNTO DE ACCESO ADICIONAL DE MATERIA--TÉRMINO DE MATERIA
Término de materia o nombre geográfico como elemento de entrada Tráfico de personas
9 (RLIN) 52288
700 12 - PUNTO DE ACCESO ADICIONAL--NOMBRE DE PERSONA
Nombre de persona Gilles, Céméphise
9 (RLIN) 52289
700 12 - PUNTO DE ACCESO ADICIONAL--NOMBRE DE PERSONA
Nombre de persona Artola, Juan
9 (RLIN) 38370
710 ## - PUNTO DE ACCESO ADICIONAL--NOMBRE DE ENTIDAD CORPORATIVA
Nombre de entidad corporativa o nombre de jurisdicción como elemento de entrada Fondo de las Naciones Unidas para la Infancia
9 (RLIN) 9270
710 2# - PUNTO DE ACCESO ADICIONAL--NOMBRE DE ENTIDAD CORPORATIVA
Nombre de entidad corporativa o nombre de jurisdicción como elemento de entrada Organización Internacional para las Migraciones
9 (RLIN) 2058
910 ## - DATOS DE OPCIÓN DEL USUARIO (OCLC)
Datos de opción del usuario Validado. Control de calidad BNPHU
Holdings
Estado de retiro Estado de pérdida No para préstamo Código de colección Localización permanente Ubicación/localización actual Ubicación en estantería Fecha de adquisición Número de inventario Total de préstamos Signatura topográfica completa Código de barras Fecha visto por última vez Precio válido a partir de Tipo de ítem Koha
    Excluido de préstamo Patrimonio Dominicano Patrimonio Dominicano Patrimonio Dominicano Depósito 18.02.2011 LF1   364.15 T266t 25597-10 25.06.2020 25.06.2020 Libro y Folleto Colección Patrimonio Dominicano

Powered by Koha